| 000 | 00408nam a2200181Ia 4500 | ||
|---|---|---|---|
| 001 | 17751 | ||
| 005 | 20260306171540.0 | ||
| 008 | 260306s9999||||xx |||||||||||||| ||und|| | ||
| 041 | _aESP | ||
| 082 |
_a658.1511 _bH76 |
||
| 100 |
_aHorngren, Charles T. _eAUT |
||
| 245 | 0 | _aContabilidad administrativa | |
| 260 | _c1994 | ||
| 300 |
_a _c |
||
| 650 | _aGEN | ||
| 654 | _aCAN | ||
| 942 |
_cLIB _dJUS _fJUS _2ddc _n |
||
| 999 |
_c17751 _d17751 |
||